<?xml version="1.0" encoding="UTF-8"?>
<collection xmlns="http://www.loc.gov/MARC21/slim">
 <record>
  <leader>02369nam a22002897a 4500</leader>
  <controlfield tag="001">NCT_56415</controlfield>
  <controlfield tag="008">190107b        xxu||||| |||| 00| 0 vie d</controlfield>
  <datafield tag="999" ind1=" " ind2=" ">
   <subfield code="c">2725</subfield>
   <subfield code="d">2725</subfield>
  </datafield>
  <datafield tag="020" ind1=" " ind2=" ">
   <subfield code="a">9786045741009</subfield>
   <subfield code="c">13000</subfield>
  </datafield>
  <datafield tag="082" ind1="0" ind2="4">
   <subfield code="2">23rd ed.</subfield>
   <subfield code="a">343.597010</subfield>
   <subfield code="b">L504Q</subfield>
  </datafield>
  <datafield tag="245" ind1="0" ind2="0">
   <subfield code="a">Luật quốc phòng</subfield>
  </datafield>
  <datafield tag="260" ind1=" " ind2=" ">
   <subfield code="a">H.</subfield>
   <subfield code="b">Chính trị quốc gia sự thật</subfield>
   <subfield code="c">2018</subfield>
  </datafield>
  <datafield tag="300" ind1=" " ind2=" ">
   <subfield code="a">52 tr.</subfield>
   <subfield code="c">19cm</subfield>
  </datafield>
  <datafield tag="520" ind1="3" ind2=" ">
   <subfield code="a">Sách nói về hoạt động cơ bản về quốc phòng, tình trạng chiến tranh, tình trạng khẩn cấp về quốc phòng, thiết quân luật, giới nghiêm, lực lượng vũ trang nhân dân, .....</subfield>
  </datafield>
  <datafield tag="653" ind1=" " ind2=" ">
   <subfield code="a">Luật học</subfield>
  </datafield>
  <datafield tag="942" ind1=" " ind2=" ">
   <subfield code="2">ddc</subfield>
   <subfield code="c">BK</subfield>
  </datafield>
  <datafield tag="952" ind1=" " ind2=" ">
   <subfield code="0">0</subfield>
   <subfield code="1">0</subfield>
   <subfield code="2">ddc</subfield>
   <subfield code="4">0</subfield>
   <subfield code="6">343_597010000000000_L504Q</subfield>
   <subfield code="7">0</subfield>
   <subfield code="9">15031</subfield>
   <subfield code="a">000001</subfield>
   <subfield code="b">000001</subfield>
   <subfield code="d">2019-01-07</subfield>
   <subfield code="o">343.597010 L504Q</subfield>
   <subfield code="p">MD.13876</subfield>
   <subfield code="r">2019-01-07</subfield>
   <subfield code="v">13000.00</subfield>
   <subfield code="w">2019-01-07</subfield>
   <subfield code="y">BK</subfield>
  </datafield>
  <datafield tag="952" ind1=" " ind2=" ">
   <subfield code="0">0</subfield>
   <subfield code="1">0</subfield>
   <subfield code="2">ddc</subfield>
   <subfield code="4">0</subfield>
   <subfield code="6">343_597010000000000_L504Q</subfield>
   <subfield code="7">0</subfield>
   <subfield code="9">15032</subfield>
   <subfield code="a">000001</subfield>
   <subfield code="b">000001</subfield>
   <subfield code="d">2019-01-07</subfield>
   <subfield code="o">343.597010 L504Q</subfield>
   <subfield code="p">MD.13877</subfield>
   <subfield code="r">2019-01-07</subfield>
   <subfield code="v">13000.00</subfield>
   <subfield code="w">2019-01-07</subfield>
   <subfield code="y">BK</subfield>
  </datafield>
  <datafield tag="952" ind1=" " ind2=" ">
   <subfield code="0">0</subfield>
   <subfield code="1">0</subfield>
   <subfield code="2">ddc</subfield>
   <subfield code="4">0</subfield>
   <subfield code="6">343_597010000000000_L504Q</subfield>
   <subfield code="7">0</subfield>
   <subfield code="9">15033</subfield>
   <subfield code="a">000001</subfield>
   <subfield code="b">000001</subfield>
   <subfield code="d">2019-01-07</subfield>
   <subfield code="l">1</subfield>
   <subfield code="o">343.597010 L504Q</subfield>
   <subfield code="p">MD.13878</subfield>
   <subfield code="r">2020-07-29</subfield>
   <subfield code="s">2020-07-21</subfield>
   <subfield code="v">13000.00</subfield>
   <subfield code="w">2019-01-07</subfield>
   <subfield code="y">BK</subfield>
  </datafield>
  <datafield tag="952" ind1=" " ind2=" ">
   <subfield code="0">0</subfield>
   <subfield code="1">0</subfield>
   <subfield code="2">ddc</subfield>
   <subfield code="4">0</subfield>
   <subfield code="6">343_597010000000000_L504Q</subfield>
   <subfield code="7">0</subfield>
   <subfield code="9">15034</subfield>
   <subfield code="a">000001</subfield>
   <subfield code="b">000001</subfield>
   <subfield code="d">2019-01-07</subfield>
   <subfield code="o">343.597010 L504Q</subfield>
   <subfield code="p">MD.13879</subfield>
   <subfield code="r">2019-01-07</subfield>
   <subfield code="v">13000.00</subfield>
   <subfield code="w">2019-01-07</subfield>
   <subfield code="y">BK</subfield>
  </datafield>
  <datafield tag="952" ind1=" " ind2=" ">
   <subfield code="0">0</subfield>
   <subfield code="1">0</subfield>
   <subfield code="2">ddc</subfield>
   <subfield code="4">0</subfield>
   <subfield code="6">343_597010000000000_L504Q</subfield>
   <subfield code="7">0</subfield>
   <subfield code="9">15035</subfield>
   <subfield code="a">000001</subfield>
   <subfield code="b">000001</subfield>
   <subfield code="d">2019-01-07</subfield>
   <subfield code="o">343.597010 L504Q</subfield>
   <subfield code="p">MD.13880</subfield>
   <subfield code="r">2019-01-07</subfield>
   <subfield code="v">13000.00</subfield>
   <subfield code="w">2019-01-07</subfield>
   <subfield code="y">BK</subfield>
  </datafield>
  <datafield tag="952" ind1=" " ind2=" ">
   <subfield code="0">0</subfield>
   <subfield code="1">0</subfield>
   <subfield code="2">ddc</subfield>
   <subfield code="4">0</subfield>
   <subfield code="6">343_597010000000000_L504Q</subfield>
   <subfield code="7">0</subfield>
   <subfield code="9">15036</subfield>
   <subfield code="a">000001</subfield>
   <subfield code="b">000001</subfield>
   <subfield code="d">2019-01-07</subfield>
   <subfield code="o">343.597010 L504Q</subfield>
   <subfield code="p">MD.13881</subfield>
   <subfield code="r">2019-01-07</subfield>
   <subfield code="v">13000.00</subfield>
   <subfield code="w">2019-01-07</subfield>
   <subfield code="y">BK</subfield>
  </datafield>
  <datafield tag="952" ind1=" " ind2=" ">
   <subfield code="0">0</subfield>
   <subfield code="1">0</subfield>
   <subfield code="2">ddc</subfield>
   <subfield code="4">0</subfield>
   <subfield code="6">343_597010000000000_L504Q</subfield>
   <subfield code="7">0</subfield>
   <subfield code="9">15037</subfield>
   <subfield code="a">000001</subfield>
   <subfield code="b">000001</subfield>
   <subfield code="d">2019-01-07</subfield>
   <subfield code="o">343.597010 L504Q</subfield>
   <subfield code="p">MD.13882</subfield>
   <subfield code="r">2019-01-07</subfield>
   <subfield code="v">13000.00</subfield>
   <subfield code="w">2019-01-07</subfield>
   <subfield code="y">BK</subfield>
  </datafield>
  <datafield tag="952" ind1=" " ind2=" ">
   <subfield code="0">0</subfield>
   <subfield code="1">0</subfield>
   <subfield code="2">ddc</subfield>
   <subfield code="4">0</subfield>
   <subfield code="6">343_597010000000000_L504Q</subfield>
   <subfield code="7">0</subfield>
   <subfield code="9">15038</subfield>
   <subfield code="a">000001</subfield>
   <subfield code="b">000001</subfield>
   <subfield code="d">2019-01-07</subfield>
   <subfield code="o">343.597010 L504Q</subfield>
   <subfield code="p">MD.13883</subfield>
   <subfield code="r">2019-01-07</subfield>
   <subfield code="v">13000.00</subfield>
   <subfield code="w">2019-01-07</subfield>
   <subfield code="y">BK</subfield>
  </datafield>
  <datafield tag="952" ind1=" " ind2=" ">
   <subfield code="0">0</subfield>
   <subfield code="1">0</subfield>
   <subfield code="2">ddc</subfield>
   <subfield code="4">0</subfield>
   <subfield code="6">343_597010000000000_L504Q</subfield>
   <subfield code="7">0</subfield>
   <subfield code="9">15039</subfield>
   <subfield code="a">000001</subfield>
   <subfield code="b">000001</subfield>
   <subfield code="d">2019-01-07</subfield>
   <subfield code="o">343.597010 L504Q</subfield>
   <subfield code="p">MD.13884</subfield>
   <subfield code="r">2019-01-07</subfield>
   <subfield code="v">13000.00</subfield>
   <subfield code="w">2019-01-07</subfield>
   <subfield code="y">BK</subfield>
  </datafield>
  <datafield tag="952" ind1=" " ind2=" ">
   <subfield code="0">0</subfield>
   <subfield code="1">0</subfield>
   <subfield code="2">ddc</subfield>
   <subfield code="4">0</subfield>
   <subfield code="6">343_597010000000000_L504Q</subfield>
   <subfield code="7">0</subfield>
   <subfield code="9">15040</subfield>
   <subfield code="a">000001</subfield>
   <subfield code="b">000001</subfield>
   <subfield code="d">2019-01-07</subfield>
   <subfield code="o">343.597010 L504Q</subfield>
   <subfield code="p">MD.13885</subfield>
   <subfield code="r">2019-01-07</subfield>
   <subfield code="v">13000.00</subfield>
   <subfield code="w">2019-01-07</subfield>
   <subfield code="y">BK</subfield>
  </datafield>
  <datafield tag="980" ind1=" " ind2=" ">
   <subfield code="a">Thư viện Trường Đại học Nam Cần Thơ</subfield>
  </datafield>
 </record>
</collection>
